Quizzes
Events
Quiz Creation
Community
Videos
Private Events
Remove Ads
Sign In
Join for FREE
Feedback
Dark Mode
Quiz Categories
Sports
Geography
Music
Movies
Television
Just For Fun
Miscellaneous
History
Literature
Language
Science
Gaming
Entertainment
Religion
Holiday
For Kids
Quiz Lab
Recent
Popular Today
Quiz Kudos Today
Editor Picks
Curator Picks
Quizzes by...
Day
Popularity
Type
Ratings
Length
Year
Community
Subscriptions
Recent Discussions
Orange Saloon
Badges
Playlists
Quests
Create
Leaderboards
Showdown
Live 5
Trivia Bingo
Activity
Puzzle Library
Sporcle Events
Private Events
Virtual Trivia
Globe League
Become a Host
Pub Owners
SporcleCon
Opinionation
Our Games
Videos
Blog
Mobile Apps
Partnerships
Remove Ads and Go Orange
Feedback
Religion
Mythology
Religious Music
World Religions
Bible
Christianity
Catholicism
Judaism
Church
Scripture
Islam
Verse
Religion
Mythology
Religious Music
World Religions
Bible
Christianity
Catholicism
Judaism
Church
Scripture
Islam
Verse
Random Quiz
Search Sporcle
×
Quiz Lab
Quiz Lab
Religion
old
Type in answers that appear in a list
Type in answers that appear in a list
Classic
Best Score? Go Orange.
Old Testament Prophets Stats
Can you name the Old Testament Prophet?
By
msmorristheology
5m
12 Questions
327 Plays
327 Plays
327 Plays
Comments
Comments
Give Quiz Kudos
Give Quiz Kudos
-
- Ratings
hide this ad
No Skip
Answers have to be entered in order without skipping
Answers have to be entered in order without skipping
Replay
Link that replays current quiz
Next Quiz
Link to next quiz in quiz playlist
You Got
0%
They Got
Avg Score
57%
Avg Friend Score
Upgrade to see
Score Distribution
Jump to the score distribution portion of the page
Score
0/12
Timer
05:00
0
Plays Today
Hint
Answer
% Correct
?
???
100%
?
???
87.2%
?
???
75.2%
?
???
66.4%
?
???
63.6%
?
???
51.7%
?
???
48.6%
?
???
46.5%
?
???
44%
?
???
40.7%
?
???
37.3%
?
???
33.6%
Quiz Playlist
Details
Report
Send in Message
Add To Playlist
Classic:
Type in answers that appear in a list
No Skip:
Answers have to be entered in order without skipping
Last Updated: Feb 16, 2017
Quiz Scoreboard
CHALLENGE
Sign Up to Join the Scoreboard
Show All
Scores
Hide
Comments
May contain spoilers
Recently Published
Movies - When Are They Set?
by FPL_Elf
Movies
5m
Popular People in 1961
by mucciniale
History
6m
1-10 Letter E Words III
by El_Dandy
Language
2m
More to Explore
Quiz From the Vault
Featured Blog Post
Where Did the Easter Bunny Come From?
hide this ad
You Might Also Like...
Tags
old
Old Testament
prophet
Testament
Today's Top Quizzes in Religion
Browse Religion
hide this ad
Today's Top Quizzes in old
Browse old
Top Contributed Quizzes in Religion
1
10 to 1: Islam
2
Religion Who Wants To Be A Millionaire
3
10 to 1: Protestantism
4
10 to 1: Norse Religion
5
10 to 1: Judaism
6
10 to 1: Hinduism
7
One Thing in Common: Mythology
8
Names of Surahs in the Quran
9
Order Up: Seven Last Words of Christ
10
One Thing in Common: Mythology II
Explore More
Trending Topics
Kpop
Crossword
NBA
Harry Potter
Disney
Marvel
Anime
Song
Pokémon
Soccer
The Office
NFL
Puzzle
Country
WWE
hide this ad
More By:
msmorristheology
Quiz
Plays
Rating
Category
Featured
Created
Church History Exam Review 1
3,808
1.09
Religion
Jun 6, 2012
Who is Jesus Review
686
1.00
Religion
Jun 11, 2014
Old Testament Prophets
327
2.00
Religion
Jun 11, 2014
Church History Exam Terms
273
1.00
Religion
Jun 7, 2012
Name that Gospel
198
4.00
Religion
Jun 11, 2014
Go to Creator's Profile
Score Distribution
Quiz Creator Spotlight
msmorristheology
Follow
Send a Message
Quizzes Created
-
Created Quiz Play Count
-
More By This Creator
Popular Quizzes Today
1
Find the US States - No Outlines Minefield
2
Find the Countries of Europe - No Outlines Minefield
3
The Countries of the World
4
Popular People in 1961
5
1-10 Letter E Words III
6
US States
7
Find the US States
8
One Thing in Common: World Cities II
More Religion Quizzes
Real or Fake: Books of The Bible
Editor's Pick
Trending Quizzes
Risky Map Clicking: Least Populous States A-Z
1-10 Letter F Words
Humor Books: The Subtitles
1-10 Letter G Words
One Thing in Common: United Kingdom
Recently Updated
Leaping Animals
pecheneg
Reality TV Shows (A-Z)
bhenderson79
Rickey Henderson's Hall of Fame Teammates
pecheneg
Champions League XIs: Arsenal
pecheneg
Quick Pick: Celebrities in WWE's Hall of Fame
aduchscher
A-Z Keypad Blitz II
pecheneg
Multiple Oscar Actors
pecheneg
Mystery Phrase Blitz: Oscar 'Best Actors'
pecheneg
F. Scott Fitzgerald Novels
LTH
Pick 3 Villains
ddd62291
Trending Topics
Kpop
Crossword
Disney
NBA
Marvel
Harry Potter
Anime
Soccer
NFL
WWE
The Office
Puzzle
Country
Pokémon
Song
Your Account Isn't Verified!
In order to create a playlist on Sporcle, you need to verify the email address you used during registration. Go to your
Sporcle Settings
to finish the process.
Report this User
Report this user for behavior that violates our
Community Guidelines
.
Details:
Send Report
Go to the Sporcle.com Mobile Site →
Comments